000 00666nam a22002177a 4500
003 UA-OsUOA
001 51028
007 ta
008 20140717b un ||||| |||| 00| 0 ukr d
090 _a94(477).09
_bУ24
942 _cBR
040 _aUA-OsUOA
_bukr
_cUA-OsUOA
_dUA-OsUOA
245 _aУГВР проти УНР
_bДодаток до часопису "Мета", ч.І (42)
300 _a45 с.
955 _a1
041 _aukr
080 _a94(477).09
650 7 _a9 Географія. Біографії. Історія
_2UDC
999 _c431170
_d431170